000 00921nam a2200277 i 4500
001 70016
003 ES-MaACL
005 20240603180909.0
007 t|
008 040715s1979 sp ||||1| spa d
020 _a84-7014-039-6
080 _a328(460)"1931/39"
080 _a32(460)"1931/39"
080 _a396:32(460)"1931/39"
100 1 _aGarcía Méndez, Esperanza.
_954935
245 1 3 _aLa actuación de la mujer en las Cortes de la II República /
_cE. García Méndez.
260 _a[Madrid] :
_bAlmena,
_c[1979]
300 _a214 p. ;
_c21 cm.
504 _aBibliografía: p. 211-212.
610 1 4 _aEspaña.
_bCortes Constituyentes (1931-1933)
_93662
610 1 4 _aEspaña.
_bCortes (1934-1939)
_9174317
650 4 _aMujeres en la política-
_zEspaña
_915336
651 4 _aEspaña-
_xHistoria-
_y1931-1939, II República.
_98283
852 4 _aES-MaACL
_jA-10788
999 _c70016
_d70016